000 00713nam a2200241Ia 4500
003 OSt
005 20220930065045.0
006 a|||||r|||| 00| 0
007 ta
008 220926b |||||||| |||| 00| 0 eng d
024 _a5062
037 _cTheses
040 _aCRL
_cCRL
_beng
041 _2eng
_aeng
100 _aJain Narender Kumar
_9525337
110 _aUniversity of Delhi. Faculty of Technology. Department of Electrical Engineering
245 0 _aOptimal load studies
260 _c1988
650 _aELECTRICAL ENGINEERING
700 _aUniversity of Delhi. Faculty of Technology. Department of Electrical Engineering
942 _cDIS
_2CC
999 _c859023
_d859023